|
|
|
|
| LEADER |
00000cam a2200000 a 4500 |
| 001 |
90211 |
| 003 |
Ucuenca |
| 005 |
20240402062619.0 |
| 008 |
000062|1988 sp |||||r|||||||||||spa|| |
| 020 |
|
|
|a 8476151748
|
| 040 |
|
|
|b spa
|
| 041 |
0 |
|
|a spa
|
| 082 |
0 |
|
|a 338.5
|
| 245 |
|
|
|a Fundamentos de microeconomía
|c Juan Fernández de Castro, Juan Tugores Ques
|h foto
|
| 264 |
|
|
|a Madrid
|b MaGraw-Hill Interamericana de España
|c 1988
|
| 300 |
|
|
|a xvii, 778 páginas:
|c 24 cm
|
| 504 |
|
|
|a incl. ref.
|
| 650 |
1 |
4 |
|a Microeconomía
|9 39487
|
| 650 |
1 |
|
|a Consumo
|9 24537
|
| 650 |
1 |
|
|a Oferta
|9 41414
|
| 650 |
1 |
0 |
|a Sistemas económicos
|9 12173
|
| 650 |
1 |
|
|a Equilibrio economico
|9 39492
|
| 650 |
1 |
|
|a Fijacion de precios
|9 12039
|
| 650 |
1 |
|
|a Oligopolios
|9 39501
|
| 700 |
1 |
|
|a Fernández de Castro, Juan
|9 214884
|
| 700 |
1 |
|
|a Tugores Ques, Juan
|9 214885
|
| 852 |
|
|
|a UC-CDJBV
|f Compra
|l 1
|m General
|p 20000622
|q 879320.00
|r 2
|t 90211
|b 0
|d CDRC
|e CDRC
|g 338.5 PRIMER PISO
|z 2000-00-62
|
| 942 |
|
|
|c BK
|0 1
|
| 999 |
|
|
|c 22473
|d 22473
|